00780 a2200157 45000010006000000050017000060080041000230030015000640400040000790800077001192450041001962640035002373000019002725050307002911000024005985336320260407155808.0260407a1966 arg spa dAR-UNSa-BCEJYS aAR-UNSa-BCEJYSbspacAR-UNSa-BCEJYS a556.54xDesembocaduras. Estuarios. Deltas. Aguas fluvio-marinas (cuenca)10aPresas gigantescas y aguas apacibles 1aMéxico :bLimusa-Wileyc1966 a205 p.c21 cm. a1. El viejo río desafía el mejoramiento,1779-1930 - 2. Navegación,planeación y política - 3. Ensanche del cauce,1936-1945 - 4. Fomento del tránsito fluvial - 5. Acrecentamiento del tráfico en el río - 6. La navegación del río Tenesí: Un factor ene l desarrollo económico del Sur1 aDroze, Wilmon Henry